000 nam a22 7a 4500
999 _c10789
_d10789
008 180223b ||||| |||| 00| 0 eng d
100 _aSinghal,J.P.
_96630
245 _aComprehensive CCE Questions Bank in Social Science-IX
260 _aBanglore
_bLakshmi